Syntéza riadenia systému chladenia odliatku

Salvato in:
Dettagli Bibliografici
Autore principale: Podbielančík, Miloš (Autore)
Altri autori: Bartko, Michal (Relatore della tesi)
Natura: Manoscritto Libro
Lingua:slovacco
Pubblicazione: 2017
Soggetti:
Accesso online:http://is.stuba.sk/zp/portal_zp.pl?podrobnosti=137184
Tags: Aggiungi Tag
Nessun Tag, puoi essere il primo ad aggiungerne!!

MARC

LEADER 00000ntm a22000003a 4500
001 stuzp64146
003 SK-STU
005 20170624213121.6
007 ta
008 150427s2015----xo-----f-mn---000-0-slo-d
040 |a STU  |b slo 
041 0 |a slo 
100 1 |a Podbielančík, Miloš  |u 020020  |4 aut  |U SjF Strojnícka fakulta  |T SjF Ústav automatizácie, merania a aplikovanej informatiky  |X 76662  |U J0020  |Y 802  |7 76662 
242 0 1 |a A synthesis of operating the cast cooling system  |y eng 
245 1 0 |a Syntéza riadenia systému chladenia odliatku 
260 |c 2017 
650 4 |a identifikácia  |2 slo 
650 4 |a riadenie vybraných sekcií  |2 slo 
650 4 |a MIMO systémy  |2 slo 
650 4 |a identification  |2 eng 
650 4 |a control of selected sections  |2 eng 
650 4 |a MIMO systems  |2 eng 
700 1 |a Bartko, Michal  |u 020020  |k Z8  |4 ths  |U SjF Strojnícka fakulta  |T SjF Ústav automatizácie, merania a aplikovanej informatiky  |X 48834  |U J0020  |Y 802  |7 A000048834 
856 4 |u http://is.stuba.sk/zp/portal_zp.pl?podrobnosti=137184 
996 |b 284J045284  |c V* 2754/BP  |l JJSK  |s A  |a 24  |w stuzp64146_0001